[Event "VI Weekend A Dicembrino"]
[Site "Vimercate ITA"]
[Date "2012.11.23"]
[Round "2"]
[White "Colombo, Luca"]
[Black "Marholev, Dimitar"]
[WhiteElo "1884"]
[BlackElo "2313"]
[Result "0-1"]
[PlyCount "102"]
[EventDate "2012.11.23"]

1. e4 e5 2. Nf3 Nc6 3. Bb5 g6 4. O-O Bg7 5. c3 a6 6. Bxc6 dxc6 7. h3 c5 8. d3
Ne7 9. Be3 b6 10. d4 cxd4 11. cxd4 exd4 12. Bxd4 Bxd4 13. Qxd4 Qxd4 14. Nxd4
Bb7 15. Nc3 O-O-O 16. Rad1 c5 17. Nc2 f5 18. exf5 Nxf5 19. Rfe1 b5 20. Rxd8+
Rxd8 21. Rd1 Rxd1+ 22. Nxd1 Kc7 23. Kf1 Bd5 24. a3 Bb3 25. Nde3 a5 26. Ke2 Nd6
27. Kd3 Kc6 28. Ne1 a4 29. Nf3 Nc4 30. Nxc4 Bxc4+ 31. Kc3 Bf1 32. Ne1 g5 33.
Nf3 h6 34. Ne5+ Kd6 35. Nf7+ Ke6 36. Nxh6 Bxg2 37. Ng4 Bxh3 38. Ne3 Ke5 39. Kd3
Be6 40. Ng2 Bd5 41. Ne3 Be4+ 42. Kd2 Kd4 43. Nd1 b4 44. Ne3 Bg6 45. Nd1 Kc4 46.
Ne3+ Kb3 47. axb4 cxb4 48. Kc1 a3 49. bxa3 bxa3 50. Nf1 a2 51. Nd2+ Kc3 0-1

[Event "VI Weekend A Dicembrino"]
[Site "Vimercate ITA"]
[Date "2012.11.23"]
[Round "2"]
[White "Contin, Daniel"]
[Black "Fusari, Paolo"]
[WhiteElo "2377"]
[BlackElo "1877"]
[Result "1-0"]
[PlyCount "75"]
[EventDate "2012.11.23"]

1. e4 e5 2. Nf3 Nc6 3. d4 exd4 4. Nxd4 Bc5 5. Be3 Qf6 6. c3 Nge7 7. Bc4 O-O 8.
O-O Ng6 9. Qd2 Nge5 10. Be2 h6 11. f4 Ng6 12. b4 Bb6 13. b5 Nxd4 14. cxd4 d6
15. Nc3 c6 16. f5 Ne7 17. g3 Bd7 18. e5 dxe5 19. Ne4 Qxf5 20. Rxf5 Nxf5 21. Bf2
Nxd4 22. a4 cxb5 23. a5 Bd8 24. Bxd4 exd4 25. Qxd4 Bc6 26. Ra2 Be7 27. a6 b6
28. Rc2 Rad8 29. Qe5 Bxe4 30. Qxe4 Bc5+ 31. Rxc5 bxc5 32. Bxb5 Rd1+ 33. Kg2 Rb8
34. Qe5 Rc8 35. Qe7 c4 36. Be8 c3 37. Qxf7+ Kh8 38. Qf8+ 1-0

[Event "VI Weekend A Dicembrino"]
[Site "Vimercate ITA"]
[Date "2012.11.23"]
[Round "2"]
[White "Riboldi, Raffaele"]
[Black "Solomon, Kenny"]
[WhiteElo "1907"]
[BlackElo "2445"]
[Result "0-1"]
[PlyCount "50"]
[EventDate "2012.11.23"]

1. d4 Nf6 2. c4 e6 3. Nc3 Bb4 4. a3 Bxc3+ 5. bxc3 c5 6. e3 Nc6 7. Bd3 b6 8. Ne2
O-O 9. e4 Ne8 10. O-O Ba6 11. f4 f5 12. exf5 exf5 13. Ng3 g6 14. Be3 cxd4 15.
cxd4 d5 16. cxd5 Bxd3 17. dxc6 Bxf1 18. Qb3+ Rf7 19. Rxf1 Nf6 20. Rc1 Qd5 21.
Qd3 Rc8 22. Bd2 Rxc6 23. Re1 Rd7 24. Bc3 Qc4 25. Re3 Nd5 0-1

[Event "VI Weekend A Dicembrino"]
[Site "Vimercate ITA"]
[Date "2012.11.23"]
[Round "3"]
[White "Bemporad, Filippo"]
[Black "Salvador, Roland"]
[WhiteElo "2044"]
[BlackElo "2477"]
[Result "0-1"]
[PlyCount "77"]
[EventDate "2012.11.23"]

1. d4 Nf6 2. Nf3 e6 3. g3 d5 4. Bg2 Nbd7 5. O-O Bd6 6. c4 dxc4 7. Nc3 Nb6 8. e4
Bb4 9. e5 Nfd5 10. Bg5 Be7 11. Bxe7 Qxe7 12. Qe2 Nxc3 13. bxc3 O-O 14. Nd2 Qa3
15. Ne4 Bd7 16. Rac1 Bc6 17. Qh5 Bxe4 18. Bxe4 g6 19. Qh6 c5 20. h4 cxd4 21. h5
Qe7 22. cxd4 Rad8 23. Rfd1 Rd7 24. Kg2 Rfd8 25. Rh1 Qf8 26. hxg6 Qxh6 27. gxf7+
Kg7 28. Rxh6 Kxh6 29. Rh1+ Kg7 30. Rxh7+ Kf8 31. Bg6 Ke7 32. g4 Rf8 33. f4 c3
34. f5 Rxd4 35. f6+ Kd7 36. Kg3 Nc4 37. Rh5 Rd2 38. Rg5 c2 39. Bxc2 0-1

[Event "VI Weekend A Dicembrino"]
[Site "Vimercate ITA"]
[Date "2012.11.23"]
[Round "3"]
[White "Solomon, Kenny"]
[Black "Damia, Angelo"]
[WhiteElo "2445"]
[BlackElo "2284"]
[Result "0-1"]
[PlyCount "106"]
[EventDate "2012.11.23"]

1. Nf3 Nf6 2. c4 e6 3. g3 d5 4. d4 c6 5. Qc2 Bd6 6. Bg2 Nbd7 7. O-O O-O 8. Nbd2
Qe7 9. b3 Re8 10. Bb2 e5 11. cxd5 cxd5 12. dxe5 Nxe5 13. Nd4 Be6 14. Nf5 Qc7
15. Qxc7 Bxc7 16. Nd4 Rac8 17. Rac1 Bd7 18. Rfd1 Ba5 19. Nf1 Rxc1 20. Rxc1 Nc6
21. Bf3 Ne4 22. h4 Bb6 23. Rd1 h6 24. Bg2 Nxd4 25. Bxd4 Bxd4 26. Rxd4 Nc3 27.
Bf3 Nxe2+ 28. Bxe2 Rxe2 29. Rxd5 Bc6 30. Rd8+ Kh7 31. Rd2 Re1 32. f3 Bb5 33.
Rf2 Ra1 34. a4 Bd3 35. Kg2 Rb1 36. Nd2 Rb2 37. f4 Bf5 38. Kf3 Be6 39. Ke3 Bxb3
40. a5 Bd5 41. a6 b6 42. f5 Ra2 43. Kd4 Bc6 44. Ke5 Bb5 45. g4 Bxa6 46. Kd6 Ra4
47. g5 Rxh4 48. Nf3 Rf4 49. Ke5 Rg4 50. Kd6 Bc8 51. Ke5 hxg5 52. Rh2+ Kg8 53.
Nd4 f6+ 0-1

[Event "VI Weekend A Dicembrino"]
[Site "Vimercate ITA"]
[Date "2012.11.23"]
[Round "4"]
[White "Ceka, Shpetim"]
[Black "Solomon, Kenny"]
[WhiteElo "1862"]
[BlackElo "2445"]
[Result "0-1"]
[PlyCount "80"]
[EventDate "2012.11.23"]

1. e4 d6 2. Nc3 Nf6 3. Bc4 c6 4. Nf3 d5 5. exd5 cxd5 6. Bb5+ Bd7 7. O-O a6 8.
Bxd7+ Nbxd7 9. d4 e6 10. Bg5 Be7 11. Ne2 Rc8 12. c3 b5 13. a4 b4 14. a5 O-O 15.
Qd3 bxc3 16. bxc3 Rc6 17. Rfb1 Qc7 18. g3 Rc8 19. Kg2 Bd6 20. Rb3 Ne4 21. Bd2
Qd8 22. Rb7 Bc7 23. Ra7 Ra8 24. Rxa8 Qxa8 25. Ng5 Ndf6 26. f3 Nxg5 27. Bxg5 Ne8
28. Be7 Bd6 29. Bg5 Nc7 30. h4 Nb5 31. Bd2 Qd8 32. g4 Bc7 33. g5 Nd6 34. Bf4
Nf5 35. Kh3 Bxf4 36. Nxf4 Qc7 37. Ne2 Nxh4 38. Kxh4 Qh2+ 39. Kg4 h5+ 40. gxh6
f5+ 0-1

[Event "VI Weekend A Dicembrino"]
[Site "Vimercate ITA"]
[Date "2012.11.23"]
[Round "4"]
[White "Contin, Daniel"]
[Black "Cattaneo, Marco"]
[WhiteElo "2377"]
[BlackElo "2049"]
[Result "1/2-1/2"]
[PlyCount "45"]
[EventDate "2012.11.23"]

1. c4 Nf6 2. Nc3 g6 3. g3 Bg7 4. Bg2 O-O 5. e4 d6 6. Nge2 c5 7. O-O Nc6 8. d3
a6 9. h3 Rb8 10. a4 Ne8 11. Be3 Nc7 12. d4 cxd4 13. Nxd4 Ne6 14. Nde2 Bd7 15.
Rb1 Na5 16. b3 b5 17. cxb5 axb5 18. f4 bxa4 19. Nxa4 Bxa4 20. bxa4 Rxb1 21.
Qxb1 Nc4 22. Bc1 Qa5 23. Qa2 1/2-1/2

[Event "VI Weekend A Dicembrino"]
[Site "Vimercate ITA"]
[Date "2012.11.23"]
[Round "4"]
[White "Damia, Angelo"]
[Black "Lapiccirella, Daniele"]
[WhiteElo "2284"]
[BlackElo "2210"]
[Result "1/2-1/2"]
[PlyCount "29"]
[EventDate "2012.11.23"]

1. e4 c5 2. d4 cxd4 3. c3 d5 4. exd5 Qxd5 5. cxd4 Nc6 6. Nf3 e5 7. Nc3 Bb4 8.
Be3 exd4 9. Nxd4 Nge7 10. Nxc6 Qxc6 11. Qd4 Bxc3+ 12. Qxc3 Qxc3+ 13. bxc3 Be6
14. Bb5+ Nc6 15. O-O 1/2-1/2

[Event "VI Weekend A Dicembrino"]
[Site "Vimercate ITA"]
[Date "2012.11.23"]
[Round "4"]
[White "Salvador, Roland"]
[Black "Marholev, Dimitar"]
[WhiteElo "2477"]
[BlackElo "2313"]
[Result "1-0"]
[PlyCount "55"]
[EventDate "2012.11.23"]

1. d4 Nf6 2. c4 g6 3. Nc3 Bg7 4. e4 d6 5. Be2 c5 6. d5 O-O 7. Bg5 h6 8. Be3 e6
9. Qd2 exd5 10. exd5 h5 11. h3 Re8 12. Nf3 Bf5 13. O-O a6 14. Bd3 Ne4 15. Nxe4
Bxe4 16. Bg5 Qc8 17. Bxe4 Rxe4 18. Rae1 Rxe1 19. Rxe1 Nd7 20. Qf4 Ne5 21. Nxe5
dxe5 22. Rxe5 Bxe5 23. Qxe5 Qd7 24. d6 Re8 25. Be7 b6 26. f4 a5 27. f5 gxf5 28.
Qf6 1-0

[Event "VI Weekend A Dicembrino"]
[Site "Vimercate ITA"]
[Date "2012.11.23"]
[Round "5"]
[White "Cattaneo, Marco"]
[Black "Salvador, Roland"]
[WhiteElo "2049"]
[BlackElo "2477"]
[Result "0-1"]
[PlyCount "64"]
[EventDate "2012.11.23"]

1. d4 Nf6 2. Nf3 d5 3. c4 dxc4 4. Nc3 Bg4 5. Ne5 Bf5 6. f3 Nfd7 7. Nxc4 e5 8.
Nxe5 Nxe5 9. dxe5 Qxd1+ 10. Kxd1 Nc6 11. e4 O-O-O+ 12. Bd2 Bg6 13. Bb5 Nxe5 14.
Ke2 a6 15. Bf4 Bd6 16. Bxe5 Bxe5 17. Ba4 f5 18. Bc2 Rhe8 19. Rad1 Bxc3 20.
Rxd8+ Kxd8 21. Rd1+ Kc8 22. bxc3 fxe4 23. Bxe4 Bxe4 24. fxe4 Rxe4+ 25. Kd3 Ra4
26. Rd2 b5 27. Rf2 Kb7 28. Re2 a5 29. Rb2 Kb6 30. Kc2 Ra3 31. Kd2 Kc5 32. Rc2
Kc4 0-1

[Event "VI Weekend A Dicembrino"]
[Site "Vimercate ITA"]
[Date "2012.11.23"]
[Round "5"]
[White "Marholev, Dimitar"]
[Black "Bemporad, Filippo"]
[WhiteElo "2313"]
[BlackElo "2044"]
[Result "1-0"]
[PlyCount "61"]
[EventDate "2012.11.23"]

1. e4 c5 2. Nc3 d6 3. Nge2 e6 4. d4 cxd4 5. Nxd4 Nf6 6. g4 h6 7. Bg2 Be7 8. h4
a6 9. g5 hxg5 10. hxg5 Rxh1+ 11. Bxh1 Nfd7 12. g6 Ne5 13. gxf7+ Nxf7 14. Qg4 e5
15. Nf5 Bxf5 16. exf5 Nc6 17. Qxg7 Bf8 18. Qh7 Nb4 19. Kd1 d5 20. a3 d4 21.
axb4 dxc3+ 22. Ke2 Qd4 23. b3 O-O-O 24. Be3 Qd7 25. Be4 Bxb4 26. f6 Qg4+ 27.
Bf3 Qe6 28. Qe4 Nd6 29. Qxb4 e4 30. Qc5+ Kb8 31. Bh5 1-0

[Event "VI Weekend A Dicembrino"]
[Site "Vimercate ITA"]
[Date "2012.11.23"]
[Round "5"]
[White "Solomon, Kenny"]
[Black "Gonella, Daniele"]
[WhiteElo "2445"]
[BlackElo "2148"]
[Result "1-0"]
[PlyCount "55"]
[EventDate "2012.11.23"]

1. d4 Nf6 2. c4 g6 3. Nc3 d5 4. Nf3 Bg7 5. Qb3 dxc4 6. Qxc4 O-O 7. e4 Na6 8.
Be2 c5 9. d5 e6 10. O-O exd5 11. exd5 Re8 12. Be3 Qd6 13. h3 Bf5 14. Nh4 Bd7
15. Rfd1 Rac8 16. a3 h6 17. Bd3 Nh5 18. Rab1 Rxe3 19. fxe3 Qg3 20. Nf3 Bxh3 21.
Bf1 Bf5 22. Rbc1 Re8 23. Re1 Rxe3 24. Rxe3 Bd4 25. Nd1 Qf4 26. Nxd4 cxd4 27.
Rf3 Qg5 28. Nf2 1-0

[Event "III Open Dicembre"]
[Site "Arco ITA"]
[Date "2012.12.26"]
[Round "1"]
[White "Bevilacqua, Maurizio"]
[Black "Spornberger, Peter"]
[WhiteElo "2092"]
[BlackElo "1668"]
[Result "1-0"]
[PlyCount "83"]
[EventDate "2012.12.26"]

1. d4 Nf6 2. Nf3 d5 3. e3 e6 4. Bd3 c5 5. b3 cxd4 6. exd4 Bb4+ 7. c3 Bd6 8. O-O
O-O 9. Bg5 h6 10. Bh4 Nc6 11. Re1 Be7 12. a4 b6 13. b4 Bb7 14. a5 a6 15. axb6
Nd7 16. Bg3 Nxb6 17. Nbd2 Bd6 18. Qe2 Bxg3 19. hxg3 Qc8 20. Nb3 Nd7 21. g4 Ne7
22. Nc5 Nxc5 23. bxc5 a5 24. Qe3 Re8 25. g5 h5 26. g6 Nxg6 27. Bxg6 fxg6 28.
Qg5 Qd8 29. Qxg6 Qf6 30. Qxh5 Re7 31. Re3 g6 32. Qe5 Qxe5 33. Nxe5 Kg7 34. Rg3
a4 35. Nxg6 Rc7 36. Ne5+ Kf6 37. Ra3 Bc6 38. f4 Be8 39. Kf2 Kf5 40. Ke3 Rb8 41.
Rg8 Rcb7 42. Rf8+ 1-0

[Event "III Open Dicembre"]
[Site "Arco ITA"]
[Date "2012.12.26"]
[Round "1"]
[White "Bonell, Martin"]
[Black "Horn, Peter"]
[WhiteElo "1683"]
[BlackElo "2149"]
[Result "0-1"]
[PlyCount "80"]
[EventDate "2012.12.26"]

1. d4 Nf6 2. c4 c5 3. e3 g6 4. Nf3 Bg7 5. Nc3 O-O 6. Bd3 cxd4 7. exd4 d5 8. O-O
Nc6 9. Be3 Bg4 10. c5 b6 11. Bb5 Rc8 12. Qa4 Bxf3 13. Bxc6 Bg4 14. Bb7 Rc7 15.
c6 Bd7 16. Qa6 Bxc6 17. Bxc6 Rxc6 18. Qxa7 Ng4 19. h3 Nxe3 20. fxe3 f5 21. a4
Bh6 22. Rf3 e6 23. Qa6 Qd6 24. Qb5 Rc4 25. Qb3 Rb4 26. Qa3 Rd8 27. Na2 Rc4 28.
Qxd6 Rxd6 29. Nc3 Rdc6 30. Kf2 Bf8 31. a5 bxa5 32. Rxa5 Bb4 33. Ra8+ Rc8 34.
Ra4 Bxc3 35. Rxc4 Rxc4 36. bxc3 Rxc3 37. Kg3 g5 38. h4 g4 39. Rf2 Rxe3+ 40. Kh2
g3+ 0-1

[Event "III Open Dicembre"]
[Site "Arco ITA"]
[Date "2012.12.26"]
[Round "1"]
[White "De Polzer, Manfredi"]
[Black "Campini, Marco"]
[WhiteElo "1673"]
[BlackElo "2098"]
[Result "0-1"]
[PlyCount "120"]
[EventDate "2012.12.26"]

1. d4 d5 2. c4 e6 3. Nc3 Be7 4. Nf3 b6 5. cxd5 exd5 6. g3 Be6 7. Bg2 Nd7 8. O-O
c5 9. Re1 h6 10. e4 dxe4 11. Nxe4 Kf8 12. d5 Bg4 13. Qa4 Bxf3 14. Bxf3 Ne5 15.
Bg2 Nd3 16. Rd1 Nxc1 17. Raxc1 Bd6 18. Qc6 Be5 19. Nc3 Rc8 20. Qb5 Bxc3 21.
Rxc3 Qd6 22. Re3 Nf6 23. Rde1 g6 24. Bh3 Rc7 25. Bg2 Kg7 26. Qc4 Rd8 27. Qc3
Kh7 28. Qe5 a6 29. Qxd6 Rxd6 30. Re7 Rcd7 31. Rxd7 Rxd7 32. Rd1 Kg7 33. h4 h5
34. Kf1 Ne8 35. f4 Nd6 36. b3 Kf6 37. Ke2 Re7+ 38. Kd3 Nf5 39. Bh3 Re3+ 40. Kd2
Rxg3 41. Bxf5 gxf5 42. Re1 Rg4 43. Ke3 Rxh4 44. Kf3 Rh3+ 45. Kg2 Rd3 46. Re5 h4
47. Kf2 h3 48. Kg1 Rd4 49. Kh2 Rxf4 50. Re8 Rf2+ 51. Kxh3 Rxa2 52. d6 Rd2 53.
Ra8 Rxd6 54. Rxa6 Ke5 55. Kg2 f4 56. Kf2 Ke4 57. Ra4+ Rd4 58. Ra2 Rd3 59. Rb2
Kd4 60. Rb1 Ke5 0-1

[Event "III Open Dicembre"]
[Site "Arco ITA"]
[Date "2012.12.26"]
[Round "1"]
[White "De Santis, Alessio"]
[Black "Galas, Franco"]
[WhiteElo "2281"]
[BlackElo "1747"]
[Result "1-0"]
[PlyCount "51"]
[EventDate "2012.12.26"]

1. d4 d6 2. Nf3 e6 3. c4 g6 4. Nc3 Bg7 5. e4 Ne7 6. Be2 c6 7. Be3 Qc7 8. Qd2
O-O 9. Bh6 Nd7 10. h4 f6 11. h5 g5 12. Bxg7 Kxg7 13. h6+ Kh8 14. O-O-O a6 15.
g3 b5 16. c5 dxc5 17. dxc5 b4 18. Na4 a5 19. Qd6 Qxd6 20. Rxd6 Ne5 21. Nxe5
fxe5 22. Nb6 Rb8 23. Rhd1 Kg8 24. Bc4 Kf7 25. Nxc8 Rbxc8 26. Bxe6+ 1-0

[Event "III Open Dicembre"]
[Site "Arco ITA"]
[Date "2012.12.26"]
[Round "1"]
[White "Lettieri, Giuseppe"]
[Black "Pandini, Giuseppe"]
[WhiteElo "2380"]
[BlackElo "1762"]
[Result "1-0"]
[PlyCount "65"]
[EventDate "2012.12.26"]

1. d4 b6 2. e4 e6 3. Nc3 Bb7 4. Bd3 Nf6 5. Nge2 Be7 6. e5 Nd5 7. Nxd5 Bxd5 8.
Nf4 O-O 9. Nxd5 exd5 10. Qf3 c6 11. Qh3 g6 12. Bh6 Re8 13. f4 c5 14. O-O Nc6
15. f5 Nxd4 16. c3 Nc6 17. f6 Nxe5 18. fxe7 Qxe7 19. Rae1 d6 20. Bb5 Rec8 21.
Rd1 a6 22. Be2 Qb7 23. Bf3 Nxf3+ 24. Qxf3 Qe7 25. Qxd5 Re8 26. Qxd6 Qh4 27. Qf4
Qxf4 28. Rxf4 f5 29. g4 fxg4 30. Rdf1 b5 31. Rf7 b4 32. Rg7+ Kh8 33. Rff7 1-0

[Event "III Open Dicembre"]
[Site "Arco ITA"]
[Date "2012.12.26"]
[Round "1"]
[White "Petragnani, Gian Giacomo"]
[Black "Spornberger, Maximilian"]
[WhiteElo "1745"]
[BlackElo "2265"]
[Result "0-1"]
[PlyCount "42"]
[EventDate "2012.12.26"]

1. c4 g6 2. g3 Bg7 3. Nc3 d6 4. Bg2 e5 5. d3 Nc6 6. e3 f5 7. Nge2 Nf6 8. O-O
O-O 9. Rb1 Qe7 10. b4 Nd8 11. b5 Nf7 12. Nd5 Nxd5 13. Bxd5 Kh8 14. a4 e4 15.
Bxf7 Qxf7 16. Bb2 g5 17. dxe4 fxe4 18. Bxg7+ Kxg7 19. Qd4+ Kg8 20. Rbc1 Bh3 21.
Rfd1 Qxf2+ 0-1

[Event "III Open Dicembre"]
[Site "Arco ITA"]
[Date "2012.12.26"]
[Round "1"]
[White "Raineri, Valerio"]
[Black "Seresin, Francesco"]
[WhiteElo "2151"]
[BlackElo "1693"]
[Result "1-0"]
[PlyCount "47"]
[EventDate "2012.12.26"]

1. e4 c6 2. f4 d5 3. e5 Bf5 4. Nf3 e6 5. Be2 Nd7 6. d3 c5 7. c3 h6 8. Nbd2 Ne7
9. Nf1 Bh7 10. g4 Ng6 11. Ng3 Be7 12. O-O O-O 13. d4 c4 14. f5 Nh4 15. f6 Nxf3+
16. Rxf3 gxf6 17. Bxh6 Re8 18. Qf1 fxe5 19. Rxf7 Bf8 20. Nh5 Kh8 21. Qc1 e4 22.
Qf4 Re7 23. Bxf8 Nxf8 24. Qf6+ 1-0

[Event "III Open Dicembre"]
[Site "Arco ITA"]
[Date "2012.12.26"]
[Round "1"]
[White "Romagnoli, Roberto"]
[Black "Ben, Dhia Mohamed Ali"]
[WhiteElo "2110"]
[BlackElo "1676"]
[Result "1-0"]
[PlyCount "31"]
[EventDate "2012.12.26"]

1. c4 e5 2. Nc3 Bb4 3. g3 Bxc3 4. bxc3 Ne7 5. Bg2 O-O 6. Nf3 d6 7. O-O Nbc6 8.
d3 f5 9. e3 Ng6 10. Rb1 Rb8 11. h4 Qf6 12. Ng5 Bd7 13. f4 exf4 14. exf4 Qxc3
15. Bb2 Qa5 16. Qh5 1-0

[Event "III Open Dicembre"]
[Site "Arco ITA"]
[Date "2012.12.26"]
[Round "1"]
[White "Simoni, Giulio"]
[Black "Trauth, Michael"]
[WhiteElo "1704"]
[BlackElo "2155"]
[Result "0-1"]
[PlyCount "64"]
[EventDate "2012.12.26"]

1. e4 c5 2. Nf3 Nc6 3. d4 cxd4 4. Nxd4 Nf6 5. Nc3 g6 6. Be3 Bg7 7. Be2 O-O 8.
O-O d5 9. exd5 Nb4 10. Bf3 Nfxd5 11. Nxd5 Nxd5 12. c3 Nxe3 13. fxe3 e5 14. Nb3
Qb6 15. Re1 a5 16. Qe2 a4 17. Nc1 Bf5 18. g4 Be6 19. a3 Rad8 20. Na2 Rd7 21.
Nb4 Rfd8 22. Qf2 e4 23. Bxe4 Bxg4 24. Bf3 Rd2 25. Re2 Rd1+ 26. Rxd1 Rxd1+ 27.
Kg2 Qe6 28. Qg3 h5 29. Bxg4 hxg4 30. Qb8+ Kh7 31. Qxb7 Qf5 32. Rf2 Qh5 0-1

[Event "III Open Dicembre"]
[Site "Arco ITA"]
[Date "2012.12.26"]
[Round "1"]
[White "Tonina, Filippo"]
[Black "Micheli, Carlo"]
[WhiteElo "1755"]
[BlackElo "2284"]
[Result "0-1"]
[PlyCount "114"]
[EventDate "2012.12.26"]

1. c4 g6 2. g3 Bg7 3. Bg2 Nf6 4. Nc3 O-O 5. e4 d6 6. Nge2 e5 7. d3 Nbd7 8. O-O
a6 9. h3 Rb8 10. f4 exf4 11. gxf4 b5 12. Rb1 bxc4 13. dxc4 Re8 14. Nd4 Bb7 15.
Re1 Nh5 16. Be3 Nc5 17. b4 Nxe4 18. Nxe4 Rxe4 19. Bxe4 Bxe4 20. Bf2 Ba8 21. Qg4
Nf6 22. Qe2 Qc8 23. Rb3 Qb7 24. Qf3 Ne4 25. Qxe4 Qxe4 26. Rxe4 Bxe4 27. b5 axb5
28. Nxb5 Rb7 29. Bd4 Bf8 30. Nc3 Rxb3 31. axb3 Bc2 32. b4 c5 33. bxc5 dxc5 34.
Be3 f6 35. Kf2 Kf7 36. Ke2 Ke6 37. Kd2 Bb3 38. Ne4 Kf5 39. Ng3+ Ke6 40. Ne4
Bxc4 41. Nxc5+ Kf5 42. Nd3 Bxd3 43. Kxd3 Bd6 44. Ke2 Bxf4 45. Bb6 Ke4 46. Kf2
Be5 47. Ba5 h5 48. Kg2 g5 49. Be1 f5 50. Bf2 f4 51. Be1 g4 52. hxg4 hxg4 53.
Bh4 Kd3 54. Kf1 Bd4 55. Bg5 Ke4 56. Bh4 Kf3 57. Be1 g3 0-1

[Event "III Open Dicembre"]
[Site "Arco ITA"]
[Date "2012.12.27"]
[Round "2"]
[White "Binder, Andrea"]
[Black "Romagnoli, Roberto"]
[WhiteElo "1882"]
[BlackElo "2110"]
[Result "1/2-1/2"]
[PlyCount "46"]
[EventDate "2012.12.26"]

1. Nf3 g6 2. g3 Bg7 3. Bg2 d5 4. O-O Nf6 5. d3 O-O 6. Nbd2 c5 7. e4 Nc6 8. Re1
e6 9. c3 Qc7 10. Qe2 b6 11. Nb3 dxe4 12. dxe4 e5 13. Nfd2 a5 14. a4 Ba6 15. Nc4
Rad8 16. Nbd2 Ne8 17. b3 Nd6 18. Qf3 Nxc4 19. Nxc4 Bxc4 20. bxc4 Rd6 21. Bf1
Qd7 22. Bg5 f6 23. Be3 Rd8 1/2-1/2

[Event "III Open Dicembre"]
[Site "Arco ITA"]
[Date "2012.12.27"]
[Round "2"]
[White "Buglisi, Massimo"]
[Black "Dappiano, Andrea"]
[WhiteElo "1937"]
[BlackElo "2183"]
[Result "0-1"]
[PlyCount "52"]
[EventDate "2012.12.26"]

1. d4 e6 2. c4 f5 3. g3 Nf6 4. Bg2 d5 5. Nh3 c6 6. O-O Bd6 7. Bf4 Be7 8. Nd2
O-O 9. Qc2 Nh5 10. Nf3 Nxf4 11. Nxf4 g5 12. Nd3 Bd7 13. b4 Be8 14. Rab1 Nd7 15.
Rfc1 Nb6 16. Nfe5 dxc4 17. Nxc4 Qxd4 18. Nce5 Bf6 19. Qb3 Qd6 20. Rc5 Nd5 21.
Nc4 Qe7 22. Nce5 Qg7 23. f4 Bh5 24. Rc2 gxf4 25. gxf4 Ne3 26. Qxe6+ Bf7 0-1

[Event "III Open Dicembre"]
[Site "Arco ITA"]
[Date "2012.12.27"]
[Round "2"]
[White "Campini, Marco"]
[Black "Silini, Riccardo"]
[WhiteElo "2098"]
[BlackElo "1801"]
[Result "1-0"]
[PlyCount "37"]
[EventDate "2012.12.26"]

1. e4 e5 2. Nc3 Nc6 3. d3 Nf6 4. Nd5 Nxd5 5. exd5 Ne7 6. c4 c5 7. f4 exf4 8.
Bxf4 Ng6 9. Bg3 d6 10. Nf3 Bg4 11. Be2 Qa5+ 12. Nd2 Bxe2 13. Qxe2+ Kd7 14. O-O
f6 15. Qe6+ Kc7 16. Qf7+ Kb6 17. b4 cxb4 18. a3 bxa3 19. Rfb1+ 1-0

[Event "III Open Dicembre"]
[Site "Arco ITA"]
[Date "2012.12.27"]
[Round "2"]
[White "Giancotti, Eraldo"]
[Black "Lettieri, Giuseppe"]
[WhiteElo "2040"]
[BlackElo "2380"]
[Result "0-1"]
[PlyCount "114"]
[EventDate "2012.12.26"]

1. e4 e5 2. Nf3 Nc6 3. Bc4 Bc5 4. O-O Nf6 5. d3 O-O 6. Be3 Bxe3 7. fxe3 d6 8.
a3 Ne7 9. Nc3 Ng6 10. Qe2 c6 11. Bb3 h6 12. Rae1 d5 13. exd5 cxd5 14. Qf2 Be6
15. h3 Qd6 16. Ne2 Rac8 17. Nh4 Nxh4 18. Qxh4 Nd7 19. d4 Rfe8 20. Ng3 Nf8 21.
Nf5 Qd7 22. Ng3 Ng6 23. Qh5 Qc7 24. Nf5 Kh7 25. Nh4 exd4 26. Nf3 Qg3 27. Nxd4
Nh4 28. Qe2 Bxh3 29. Qf2 Qxg2+ 30. Qxg2 Nxg2 31. Re2 Nxe3 32. Rxf7 Bg4 33. Re1
Rb8 34. c3 a6 35. Kf2 Bh5 36. Rd7 Ng4+ 37. Kf1 Rxe1+ 38. Kxe1 Nf6 39. Rc7 Bg4
40. Bc2+ Kg8 41. Nf5 Re8+ 42. Kf1 Bh3+ 43. Kf2 Ne4+ 44. Bxe4 dxe4 45. Ne7+ Kh7
46. Rxb7 h5 47. Ke3 Kh6 48. Ra7 Kg5 49. c4 h4 50. Nd5 Rg8 51. Rxa6 Bc8 52. Ra5
Kg4 53. Rc5 h3 54. Ne7 Rf8 55. Rd5 Rf3+ 56. Ke2 Be6 57. Rd1 Bxc4+ 0-1

[Event "III Open Dicembre"]
[Site "Arco ITA"]
[Date "2012.12.27"]
[Round "2"]
[White "Micheli, Carlo"]
[Black "Mora, Massimo"]
[WhiteElo "2284"]
[BlackElo "2011"]
[Result "1-0"]
[PlyCount "79"]
[EventDate "2012.12.26"]

1. c4 c5 2. g3 Nc6 3. Bg2 g6 4. Nc3 Bg7 5. d3 d6 6. Bd2 e6 7. Rb1 Nge7 8. Qc1
h5 9. a3 a5 10. b3 Ra6 11. Nh3 Nf5 12. O-O h4 13. g4 Nh6 14. f3 Bd7 15. Nf2 f5
16. h3 Nf7 17. f4 Qb8 18. e3 Rg8 19. Qe1 fxg4 20. Nxg4 Nh6 21. Nxh6 Bxh6 22.
Qxh4 Bf8 23. Ne4 Be7 24. Qh7 Rf8 25. Bc3 Kd8 26. Bg7 Rf5 27. Qxg6 Bh4 28. Bf6+
Bxf6 29. Nxf6 Kc7 30. e4 Rxf6 31. Qxf6 Nd4 32. b4 Qg8 33. Rf2 axb4 34. axb4 Qg3
35. bxc5 Qe3 36. cxd6+ Rxd6 37. Rbb2 Ra6 38. Kh2 Ra1 39. Qg7 Ra7 40. Qg3 1-0

[Event "III Open Dicembre"]
[Site "Arco ITA"]
[Date "2012.12.27"]
[Round "2"]
[White "Spornberger, Maximilian"]
[Black "Lezzerini, Marco"]
[WhiteElo "2265"]
[BlackElo "1928"]
[Result "1-0"]
[PlyCount "45"]
[EventDate "2012.12.26"]

1. e4 d6 2. d4 Nf6 3. Nc3 g6 4. Nf3 Bg7 5. h3 O-O 6. Be3 a6 7. a4 b6 8. e5 Nfd7
9. e6 fxe6 10. Bd3 Nf6 11. h4 Qe8 12. Qe2 c5 13. Ng5 Nc6 14. dxc5 bxc5 15. h5
c4 16. Bxc4 d5 17. Bb3 Bd7 18. h6 Bh8 19. Bc5 Qc8 20. O-O Ne8 21. Nxd5 exd5 22.
Bxd5+ e6 23. Nxe6 1-0

[Event "III Open Dicembre"]
[Site "Arco ITA"]
[Date "2012.12.27"]
[Round "2"]
[White "Thurner, Markus"]
[Black "De Santis, Alessio"]
[WhiteElo "1967"]
[BlackElo "2281"]
[Result "0-1"]
[PlyCount "52"]
[EventDate "2012.12.26"]

1. f4 Nf6 2. Nf3 b6 3. d3 d5 4. e3 e6 5. Be2 Bb7 6. O-O Nbd7 7. Qe1 Bd6 8. Nc3
a6 9. Qg3 Rg8 10. Qh3 Qe7 11. e4 dxe4 12. dxe4 Bc5+ 13. Kh1 Nxe4 14. Qxh7 Ndf6
15. Qh4 Nxc3 16. bxc3 O-O-O 17. Nd4 Rh8 18. Qe1 Ne4 19. Bxa6 Bxa6 20. Qxe4 Bb7
21. Qe1 Rh5 22. Be3 Rdh8 23. Bg1 Bxd4 24. cxd4 Qf6 25. Rd1 Qh6 26. Qg3 Rh3 0-1

[Event "III Open Dicembre"]
[Site "Arco ITA"]
[Date "2012.12.27"]
[Round "3"]
[White "Bevilacqua, Maurizio"]
[Black "Trauth, Michael"]
[WhiteElo "2092"]
[BlackElo "2155"]
[Result "0-1"]
[PlyCount "82"]
[EventDate "2012.12.26"]

1. d4 Nf6 2. c4 c5 3. d5 b5 4. Nf3 e6 5. dxe6 fxe6 6. cxb5 d5 7. e3 Be7 8. Be2
O-O 9. O-O a6 10. Nc3 axb5 11. Bxb5 Na6 12. b3 Qa5 13. Bb2 Rb8 14. Ne5 Nb4 15.
a3 Qc7 16. Nf3 Nc6 17. Be2 Na5 18. Nb5 Qc6 19. a4 Ne4 20. Rc1 Qb6 21. Qc2 Nc6
22. Ba3 Nb4 23. Bxb4 cxb4 24. Qc7 Bf6 25. Rc6 Qxc7 26. Rxc7 Rf7 27. Rxf7 Kxf7
28. Nfd4 Bd7 29. Rc1 e5 30. Rc7 Ke8 31. Nf3 Kd8 32. Rc2 Nc3 33. Nxc3 Rc8 34.
Ne1 bxc3 35. f3 d4 36. e4 Be6 37. b4 Bb3 38. Bd3 Bxa4 39. Ra2 Bb3 40. Ra1 Bg5
41. Kf1 c2 0-1